000 00569cam a22001814a 4500
020 _a0073660647 (student's : pbk.)
020 _a0073660655 (teacher's : pbk.)
040 _cDLC
082 0 0 _a650 HIL2000 A106 Or.
100 1 _aSlater, Jeffrey,
245 1 0 _aPractical business math procedures /
250 _a6th ed.
260 _aBoston, Mass. :
_bIrwin/McGraw-Hill,
_cc2000.
300 _a1 v. (various pagings) :
_bcol. ill. ;
_c31 cm. +
_e1 computer laser optical disc (4 3/4 in.)
500 _aIncludes index.
650 0 _aBusiness mathematics
942 _cEK
999 _c16595
_d16595